[Event "Lliga Catalana DH"]
[Site "?"]
[Date "2015.01.24"]
[Round "1.10"]
[White "Marques Taltavull, A."]
[Black "Subirachs Mancebo, G."]
[Result "1-0"]
[WhiteElo "2233"]
[BlackElo "2212"]
[PlyCount "93"]
[EventDate "2015.??.??"]
[EventType "team"]

1. Nf3 d5 2. c4 c6 3. b3 Nf6 4. Bb2 Bf5 5. g3 e6 6. Bg2 Be7 7. O-O O-O 8. d3 h6
9. Nbd2 Nbd7 10. Rc1 Re8 11. Rc2 Bf8 12. Qa1 Qe7 13. a3 Bh7 14. b4 a6 15. Nb3
Nb6 16. c5 Nbd7 17. Na5 Ra7 18. Nd4 Nb8 19. Bh3 e5 20. Nf5 Bxf5 21. Bxf5 Nbd7
22. e4 Nb8 23. Re2 g6 24. Bh3 Bg7 25. exd5 Nxd5 26. f4 f6 27. Nc4 Nd7 28. Nd6
Rf8 29. Bxd7 Qxd7 30. fxe5 Qe6 31. Qe1 f5 32. d4 b5 33. Bc1 Raa8 34. Rg2 g5 35.
Rgf2 Ne7 36. Be3 Kh8 37. Qb1 f4 38. gxf4 Qh3 39. Rf3 Qg4+ 40. Rg3 Qh5 41. f5
Nd5 42. Qd3 Rae8 43. Bxg5 Bxe5 44. dxe5 Rxe5 45. Bxh6 Rg8 46. Rxg8+ Kxg8 47.
Qg3+ 1-0

[Event "Lliga Catalana DH"]
[Site "?"]
[Date "2015.01.31"]
[Round "2.1"]
[White "Jerez Perez, A."]
[Black "Herraiz Hidalgo, H."]
[Result "0-1"]
[WhiteElo "2466"]
[BlackElo "2473"]
[PlyCount "56"]
[EventDate "2015.??.??"]
[EventType "team"]

1. e4 c5 2. Nf3 Nc6 3. d4 cxd4 4. Nxd4 g6 5. c4 Bg7 6. Be3 d6 7. Nc3 Nf6 8. Be2
O-O 9. O-O Bd7 10. Qd2 Nxd4 11. Bxd4 a5 12. Bd3 Bc6 13. Rae1 a4 14. Nd5 Nd7 15.
Bxg7 Kxg7 16. Re3 e5 17. Rh3 h5 18. Ne3 Nc5 19. Rxh5 Nxd3 20. Nf5+ Kf6 21. Qxd3
gxf5 22. Rxf5+ Ke7 23. Rd1 f6 24. h4 Qc7 25. Rf3 Bd7 26. Rg3 Rg8 27. h5 Bg4 28.
Qd5 Bxd1 0-1

[Event "Lliga Catalana DH"]
[Site "?"]
[Date "2015.01.31"]
[Round "2.2"]
[White "Amigo Vilalta, J."]
[Black "Granados Gomez, M."]
[Result "0-1"]
[WhiteElo "2341"]
[BlackElo "2442"]
[PlyCount "70"]
[EventDate "2015.??.??"]
[EventType "team"]

1. d4 d5 2. c4 c6 3. Nf3 Nf6 4. e3 Bf5 5. Nc3 e6 6. Nh4 Bg4 7. Qb3 Qb6 8. h3
Bh5 9. g4 Bg6 10. c5 Qc7 11. Nxg6 hxg6 12. g5 Nfd7 13. e4 e5 14. exd5 exd4 15.
d6 Qa5 16. Qxb7 Nxc5 17. d7+ Ncxd7 18. Bg2 dxc3 19. O-O Qb6 20. Re1+ Kd8 21.
Qxa8 Bc5 22. Re2 Qc7 23. b4 Nb6 24. Bf4 Qxf4 25. Qxa7 Bd4 26. Rd1 N8d7 27. a4
Re8 28. Rc2 Nc8 29. Rxd4 Re1+ 30. Bf1 Qxg5+ 31. Rg4 Qxg4+ 32. hxg4 Nxa7 33.
Rxc3 Re4 34. Rc4 Rxc4 35. Bxc4 Ne5 0-1

[Event "Lliga Catalana DH"]
[Site "?"]
[Date "2015.01.31"]
[Round "2.3"]
[White "Torrecillas Martinez, A."]
[Black "Canal Oliveras, J."]
[Result "1/2-1/2"]
[WhiteElo "2408"]
[BlackElo "2339"]
[PlyCount "73"]
[EventDate "2015.??.??"]
[EventType "team"]

1. e4 e5 2. Nf3 d6 3. d4 Nd7 4. Bc4 c6 5. Nc3 Be7 6. a4 Ngf6 7. O-O h6 8. Re1
Qc7 9. a5 Nf8 10. h3 g5 11. Nh2 Ng6 12. Be3 Rg8 13. Ng4 Bxg4 14. hxg4 Qc8 15.
f3 h5 16. gxh5 Nxh5 17. g4 Nhf4 18. Kf2 Rh8 19. Rh1 Rh4 20. d5 c5 21. a6 Kf8
22. Bb5 bxa6 23. Rxa6 Kg7 24. Rxh4 gxh4 25. Kg1 Qd8 26. Kh2 Bg5 27. Qd2 h3 28.
Ne2 Nh4 29. Ng1 Nhg2 30. Bc6 Nxe3 31. Qxe3 Nxd5 32. Qe2 Bf4+ 33. Kh1 Nb4 34.
Bxa8 Nxa6 35. Bb7 Qh4 36. Bxa6 h2 37. Qg2 1/2-1/2

[Event "Lliga Catalana DH"]
[Site "?"]
[Date "2015.01.31"]
[Round "2.4"]
[White "Dalo, H."]
[Black "Almeida Toledano, D."]
[Result "0-1"]
[WhiteElo "2312"]
[BlackElo "2357"]
[PlyCount "106"]
[EventDate "2015.??.??"]
[EventType "team"]

1. d4 d5 2. c4 c6 3. Nf3 Nf6 4. e3 Bf5 5. Bd3 Bxd3 6. Qxd3 e6 7. O-O Nbd7 8.
Nc3 Bb4 9. Bd2 Bxc3 10. Bxc3 O-O 11. Nd2 Re8 12. e4 dxc4 13. Qxc4 e5 14. dxe5
Nxe5 15. Qb3 Qb6 16. Qxb6 axb6 17. f4 Ned7 18. Rfe1 Nc5 19. Bxf6 gxf6 20. b3
Red8 21. Nc4 b5 22. Ne3 Rd2 23. Nf5 Kf8 24. b4 Nd3 25. Rad1 Raxa2 26. Rxd2 Rxd2
27. Ra1 Ke8 28. Ra8+ Kd7 29. g3 Re2 30. Rb8 Kc7 31. Rf8 Nxb4 32. Rxf7+ Kb6 33.
Rxh7 Nd3 34. Nd6 Nc5 35. Re7 b4 36. e5 f5 37. g4 b3 38. Nc4+ Kb5 39. Na3+ Kb4
40. Nb1 Re1+ 41. Kf2 Rxb1 42. gxf5 Nd3+ 43. Ke3 Kc3 44. Rxb7 Re1+ 45. Kf3 b2
46. f6 Nb4 47. Rxb4 Kxb4 48. f7 b1=Q 49. f8=Q+ Kc4 50. Qf7+ Kc3 51. Kg4 Rg1+
52. Kh5 Qd1+ 53. Kh4 Qg4# 0-1

[Event "Lliga Catalana DH"]
[Site "?"]
[Date "2015.01.31"]
[Round "2.5"]
[White "Ryan, J."]
[Black "Vera Pons, F."]
[Result "1/2-1/2"]
[WhiteElo "2345"]
[BlackElo "2314"]
[PlyCount "42"]
[EventDate "2015.??.??"]
[EventType "team"]

1. Nf3 d6 2. d4 g6 3. e4 Bg7 4. c3 Nf6 5. Bd3 O-O 6. O-O Nc6 7. Bg5 h6 8. Bh4
e5 9. dxe5 Nxe5 10. Nxe5 dxe5 11. Na3 Be6 12. f4 Qd6 13. Nb5 Qc5+ 14. Bf2 Qc6
15. fxe5 Ng4 16. Nd4 Qb6 17. Nxe6 Nxf2 18. Rxf2 fxe6 19. Qe2 Bxe5 20. g3 Rad8
21. Rd1 Rxf2 1/2-1/2

[Event "Lliga Catalana DH"]
[Site "?"]
[Date "2015.01.31"]
[Round "2.6"]
[White "Ballesteros Collazos, S."]
[Black "Garrido Fernandez, D."]
[Result "0-1"]
[WhiteElo "2309"]
[BlackElo "2326"]
[PlyCount "80"]
[EventDate "2015.??.??"]
[EventType "team"]

1. e4 c5 2. Nf3 Nc6 3. Bb5 g6 4. O-O Bg7 5. c3 Nf6 6. Qa4 Qb6 7. Re1 O-O 8. d4
cxd4 9. cxd4 d5 10. e5 Ne4 11. Nbd2 Nxd2 12. Bxd2 Bg4 13. Bc3 Bxf3 14. gxf3 e6
15. Rad1 Rfc8 16. Bd3 Qd8 17. Kh1 Qh4 18. Bb5 Ne7 19. Bd3 Qh3 20. Re3 Bh6 21.
f4 Qh4 22. Re2 Bxf4 23. f3 Qh3 24. Rf2 Be3 25. Rg2 Nc6 26. Rg3 Qh4 27. Rg4 Qh5
28. Rf1 Rf8 29. Bb4 f5 30. exf6 Rxf6 31. Be1 Raf8 32. Be2 Rf4 33. Rxf4 Bxf4 34.
Rf2 Qh4 35. Qd1 Bg3 36. Rg2 Bxe1 37. Rg4 Qf2 38. Rg2 Qe3 39. Qxe1 Nxd4 40. Qf1
e5 0-1

[Event "Lliga Catalana DH"]
[Site "?"]
[Date "2015.01.31"]
[Round "2.7"]
[White "Llaneza Vega, P."]
[Black "Martin Grillo, R."]
[Result "1-0"]
[WhiteElo "2296"]
[BlackElo "2303"]
[PlyCount "75"]
[EventDate "2015.??.??"]
[EventType "team"]

1. e4 c5 2. Nc3 d6 3. f4 Nf6 4. Nf3 g6 5. Bb5+ Bd7 6. Bc4 Bc6 7. O-O b5 8. Bxb5
Bxb5 9. Nxb5 Nxe4 10. d4 a6 11. Qe2 d5 12. Nc3 Nxc3 13. bxc3 Bg7 14. f5 O-O 15.
fxg6 hxg6 16. Ne5 e6 17. Rb1 Nd7 18. Nc6 Qe8 19. Bf4 Nf6 20. Ne5 Ne4 21. Qg4
Bxe5 22. dxe5 Qe7 23. c4 Rfb8 24. Rxb8+ Rxb8 25. cxd5 Rb2 26. d6 Qa7 27. Be3
Nc3 28. Qc4 Rxc2 29. Qd3 Nd5 30. Qxc2 Nxe3 31. Qa4 Nxf1 32. Qe8+ Kg7 33. d7 c4+
34. Kh1 Qe3 35. d8=Q Ng3+ 36. hxg3 Qc1+ 37. Kh2 Qh6+ 38. Qh4 1-0

[Event "Lliga Catalana DH"]
[Site "?"]
[Date "2015.01.31"]
[Round "2.8"]
[White "Juan Bartroli, P."]
[Black "De la Riva Aguado, J."]
[Result "1-0"]
[WhiteElo "2288"]
[BlackElo "2306"]
[PlyCount "95"]
[EventDate "2015.??.??"]
[EventType "team"]

1. d4 Nf6 2. Bg5 c6 3. Bxf6 gxf6 4. c3 Qb6 5. Qb3 d5 6. Nf3 Bg4 7. Nbd2 Nd7 8.
e4 dxe4 9. Nxe4 Bxf3 10. gxf3 f5 11. Nd2 e6 12. Bd3 O-O-O 13. Qxb6 Nxb6 14. Nc4
Nxc4 15. Bxc4 Bd6 16. Ke2 Rhg8 17. Ke3 Rg6 18. Be2 Rdg8 19. f4 f6 20. h4 e5 21.
Bd3 exf4+ 22. Kf3 Kc7 23. Bxf5 R6g7 24. Rae1 h5 25. Re6 Rg1 26. Rxg1 Rxg1 27.
Rxf6 Rh1 28. Rf7+ Kb6 29. Bc8 c5 30. Rxb7+ Kc6 31. Rxa7 cxd4 32. cxd4 Kd5 33.
Ra5+ Kxd4 34. Rxh5 Rb1 35. Be6 Be5 36. b3 Rc1 37. a4 Rc3+ 38. Kg4 Rc2 39. f3
Rg2+ 40. Kf5 Rg3 41. Rh7 Bb8 42. Rb7 Bd6 43. Rd7 Kc5 44. b4+ Kc6 45. b5+ Kc5
46. b6 Rxf3 47. b7 Bb8 48. Rd8 1-0

[Event "Lliga Catalana DH"]
[Site "?"]
[Date "2015.01.31"]
[Round "2.9"]
[White "Lopez Santana, O."]
[Black "Serrano Aspa, X."]
[Result "0-1"]
[WhiteElo "2252"]
[BlackElo "2262"]
[PlyCount "74"]
[EventDate "2015.??.??"]
[EventType "team"]

1. e4 c6 2. Ne2 e5 3. d4 d6 4. Nbc3 Nf6 5. f3 Be7 6. Be3 Nbd7 7. Qd2 b5 8. g4
Nb6 9. Ng3 b4 10. Nd1 exd4 11. Bxd4 c5 12. Bf2 d5 13. e5 Nfd7 14. f4 Bb7 15.
Bg2 g5 16. b3 gxf4 17. Qxf4 Bg5 18. Qf5 Qe7 19. O-O Nxe5 20. Be3 Bxe3+ 21. Nxe3
Rd8 22. Rae1 Bc8 23. Qf4 f6 24. g5 fxg5 25. Qf6 Qxf6 26. Rxf6 Ke7 27. Rh6 Nf7
28. Nxd5+ Kf8 29. Rxb6 axb6 30. Nxb6 Kg7 31. Na4 Rhe8 32. Ne4 Rd4 33. Naxc5 Bf5
34. Kf2 Bxe4 35. Nxe4 Re5 36. c3 bxc3 37. Nxc3 Rf4+ 0-1

[Event "Lliga Catalana DH"]
[Site "?"]
[Date "2015.01.31"]
[Round "2.10"]
[White "Saez Coma, A."]
[Black "Masip Tresserra, O."]
[Result "0-1"]
[WhiteElo "2192"]
[BlackElo "2226"]
[PlyCount "40"]
[EventDate "2015.??.??"]
[EventType "team"]

1. d4 Nf6 2. Nf3 g6 3. Bf4 Bg7 4. Nc3 d5 5. Qd2 h6 6. Ne5 c6 7. f3 Nbd7 8. h4
Nh5 9. O-O-O Nxf4 10. Qxf4 Nxe5 11. dxe5 Qc7 12. Qa4 b5 13. Qb3 Qxe5 14. e4
dxe4 15. Nxb5 Be6 16. Qc3 Qf4+ 17. Qd2 e3 18. Qe2 cxb5 19. Qxb5+ Kf8 20. g3 Qb8
0-1

[Event "Lliga Catalana DH"]
[Site "?"]
[Date "2015.01.31"]
[Round "2.1"]
[White "Gonzalez Rodriguez, JA."]
[Black "Matnadze, A."]
[Result "1-0"]
[WhiteElo "2465"]
[BlackElo "2499"]
[PlyCount "113"]
[EventDate "2015.??.??"]
[EventType "team"]

1. b3 Nf6 2. Bb2 e6 3. e3 b6 4. Nf3 Bb7 5. g3 g6 6. Bg2 Bg7 7. O-O O-O 8. d4 d5
9. c4 a5 10. Ne5 Ne4 11. f3 Nd6 12. f4 a4 13. Nc3 a3 14. Bc1 f6 15. Nd3 dxc4
16. Bxb7 Nxb7 17. bxc4 Rf7 18. Rb1 Bf8 19. c5 Nc6 20. Qf3 Qd7 21. Rd1 Ncd8 22.
cxb6 cxb6 23. Rxb6 Qc7 24. Rb3 Na5 25. Qxa8 Nxb3 26. Bxa3 Nxd4 27. Bxf8 Rxf8
28. exd4 Qxc3 29. Nf2 Nc6 30. Qa4 Rd8 31. Rd3 Qe1+ 32. Kg2 Ne7 33. Qd1 Qxd1 34.
Rxd1 Nf5 35. Rd3 Nxd4 36. Ne4 Kf7 37. a4 e5 38. fxe5 fxe5 39. a5 Ra8 40. Ra3
Ra7 41. a6 Ke6 42. Ng5+ Kd6 43. Nxh7 Kc6 44. Nf6 Kb6 45. Kh3 Nb5 46. Ra4 Rf7
47. Ne4 Na7 48. Kg4 Kb5 49. Ra2 Rd7 50. Kg5 Rd4 51. Re2 Kc4 52. Nf2 Kd5 53. Ra2
e4 54. Re2 Nc6 55. Nxe4 Rd3 56. Rd2 Kxe4 57. Rxd3 1-0

[Event "Lliga Catalana DH"]
[Site "?"]
[Date "2015.01.31"]
[Round "2.2"]
[White "Exposito Amaro, J."]
[Black "Cuadras Avellana, J."]
[Result "0-1"]
[WhiteElo "2436"]
[BlackElo "2357"]
[PlyCount "78"]
[EventDate "2015.??.??"]
[EventType "team"]

1. e4 c5 2. Nc3 a6 3. f4 e6 4. g3 b5 5. Bg2 Bb7 6. d3 d5 7. Qe2 Nf6 8. e5 Nfd7
9. Nf3 Nc6 10. O-O g6 11. Bd2 Nd4 12. Nxd4 cxd4 13. Nd1 Rc8 14. Rc1 h5 15. Nf2
Nc5 16. b3 Nd7 17. c4 dxc3 18. Bxc3 Ba3 19. Bb2 Bxb2 20. Qxb2 O-O 21. Rxc8 Qxc8
22. Rc1 Qb8 23. g4 hxg4 24. Nxg4 Rc8 25. Rf1 Qc7 26. Qf2 Qd8 27. d4 Rc3 28. Bf3
b4 29. Kh1 a5 30. Rg1 Ba6 31. f5 exf5 32. Nh6+ Kf8 33. Qg2 Rxf3 34. Qxf3 Qh4
35. e6 fxe6 36. Rxg6 Nf6 37. Qe3 Ne4 38. Rxe6 Be2 39. Nxf5 Qe1+ 0-1

[Event "Lliga Catalana DH"]
[Site "?"]
[Date "2015.01.31"]
[Round "2.3"]
[White "Vives Esmerat, J."]
[Black "Cervello Tost, F."]
[Result "0-1"]
[WhiteElo "2370"]
[BlackElo "2318"]
[PlyCount "71"]
[EventDate "2015.??.??"]
[EventType "team"]

1. e4 c6 2. b3 d5 3. Bb2 dxe4 4. Qe2 Bf5 5. g4 Bg6 6. h4 h5 7. g5 Na6 8. Nc3 e6
9. Bg2 Nb4 10. O-O-O Qa5 11. a3 Nd5 12. b4 Qc7 13. Bxe4 Nxc3 14. Bxc3 Bxe4 15.
Qxe4 a5 16. Rh3 axb4 17. axb4 Ne7 18. Re1 Nd5 19. g6 Nxc3 20. gxf7+ Qxf7 21.
dxc3 Ra1+ 22. Kb2 Rxe1 23. Qxe1 Be7 24. Rf3 Bf6 25. Nh3 Qe7 26. Qe4 c5 27. Nf4
Rh6 28. bxc5 Kf7 29. c6 bxc6 30. Qxc6 Rh8 31. Qe4 Rb8+ 32. Kc1 Qa3+ 33. Kd2
Rd8+ 34. Ke2 Qa6+ 35. Nd3 Rd5 36. c4 0-1

[Event "Lliga Catalana DH"]
[Site "?"]
[Date "2015.01.31"]
[Round "2.5"]
[White "Pinsach Gelabert, A."]
[Black "Capellades Subirana, M."]
[Result "1/2-1/2"]
[WhiteElo "2314"]
[BlackElo "2290"]
[PlyCount "161"]
[EventDate "2015.??.??"]
[EventType "team"]

1. e4 e5 2. Nf3 Nc6 3. Bb5 g6 4. c3 Bg7 5. d4 Nge7 6. O-O O-O 7. Be3 d6 8. Nbd2
h6 9. dxe5 dxe5 10. Bc5 Re8 11. Qe2 Be6 12. Nc4 Bxc4 13. Qxc4 Qd7 14. Rfd1 Qe6
15. Qxe6 fxe6 16. Rd7 Rac8 17. Bxe7 Nxe7 18. Rxc7 Rxc7 19. Bxe8 Kf8 20. Ba4 Nc8
21. Rd1 Ke7 22. Nd2 a6 23. Kf1 b5 24. Bb3 Nd6 25. Ke2 Bf8 26. a4 Nc4 27. axb5
Nxd2 28. b6 Rb7 29. Kxd2 Rd7+ 30. Kc2 Rxd1 31. Kxd1 Kd6 32. Bc4 a5 33. b7 Kc7
34. Ba6 Bd6 35. Kc2 Kb6 36. Bc4 Kxb7 37. Kb3 Bc5 38. Ka4 Kb6 39. f3 Bg1 40. h3
h5 41. h4 Bf2 42. Bxe6 Bxh4 43. Bf7 Bg3 44. Bxg6 h4 45. Be8 Bf4 46. b4 axb4 47.
cxb4 Be3 48. Kb3 Kc7 49. Kc4 Kd6 50. Kb5 Bd2 51. Kc4 Be3 52. Kd3 Bg5 53. Ke2
Bf4 54. Kf2 Bd2 55. b5 Kc5 56. Kg1 Bf4 57. Kf2 Bg3+ 58. Ke3 Bf4+ 59. Ke2 Bg5
60. Kd3 Bf4 61. Kc3 Bg5 62. Kb3 Bd2 63. Ka4 Kb6 64. Kb3 Kc5 65. Ka4 Kb6 66. Bc6
Kc5 67. Kb3 Bf4 68. Kc3 Bg5 69. Kd3 Bf4 70. Be8 Bg5 71. Ke2 Bf4 72. Kf2 Bg3+
73. Ke3 Bf4+ 74. Ke2 Bg5 75. f4 Bxf4 76. Kf3 Bg3 77. Kg4 Kb6 78. Kf5 Kc5 79.
Ke6 Kb6 80. Kd6 Bf4 81. Kd5 1/2-1/2

[Event "Lliga Catalana DH"]
[Site "?"]
[Date "2015.01.31"]
[Round "2.6"]
[White "Serra Fontova, F."]
[Black "Pijuan Herranz, M."]
[Result "1/2-1/2"]
[WhiteElo "2272"]
[BlackElo "2302"]
[PlyCount "32"]
[EventDate "2015.??.??"]
[EventType "team"]

1. e4 e5 2. Nc3 Nf6 3. g3 Nc6 4. Bg2 Bc5 5. Nge2 a6 6. O-O d6 7. h3 Be6 8. Nd5
Nd4 9. Nxd4 Bxd4 10. c3 Ba7 11. d3 c6 12. Nxf6+ Qxf6 13. Qe2 O-O 14. Be3 Bxe3
15. Qxe3 Rad8 16. f4 Qh6 1/2-1/2

[Event "Lliga Catalana DH"]
[Site "?"]
[Date "2015.01.31"]
[Round "2.7"]
[White "Serra Pages, J."]
[Black "Garcia Ramos, D."]
[Result "1/2-1/2"]
[WhiteElo "2291"]
[BlackElo "2260"]
[PlyCount "79"]
[EventDate "2015.??.??"]
[EventType "team"]

1. d4 f5 2. g3 e6 3. Bg2 Nf6 4. Nh3 Be7 5. O-O O-O 6. c4 d6 7. Nc3 Qe8 8. Nf4
Bd8 9. e4 e5 10. dxe5 dxe5 11. Nfd5 Nc6 12. Nxf6+ Bxf6 13. Nd5 Qf7 14. exf5
Bxf5 15. g4 Be6 16. g5 Bd8 17. f4 Qd7 18. fxe5 Rxf1+ 19. Qxf1 Nxe5 20. Bf4 Ng6
21. Rd1 Qc8 22. Bc1 c6 23. Nf4 Nxf4 24. Bxf4 Bc7 25. Re1 Bxf4 26. Qxf4 Qd7 27.
Qe4 Bf7 28. b3 Re8 29. Qh4 Qd8 30. Rxe8+ Bxe8 31. Be4 Qd1+ 32. Kf2 Qd2+ 33. Kf3
Qd1+ 34. Kf4 Qd6+ 35. Ke3 Bg6 36. Qf4 Qe7 37. Kf3 Bxe4+ 38. Qxe4 Qd7 39. Kg3
Qd6+ 40. Qf4 1/2-1/2

[Event "Lliga Catalana DH"]
[Site "?"]
[Date "2015.01.31"]
[Round "2.8"]
[White "Ezquerro Luque, A."]
[Black "Casanellas Ruano, L."]
[Result "1/2-1/2"]
[WhiteElo "2257"]
[BlackElo "2261"]
[PlyCount "75"]
[EventDate "2015.??.??"]
[EventType "team"]

1. e4 c6 2. Nc3 d5 3. d3 g6 4. g3 dxe4 5. dxe4 Qxd1+ 6. Nxd1 Bg7 7. Bd2 Nd7 8.
Bc3 Bxc3+ 9. Nxc3 Ngf6 10. Nge2 O-O 11. Nf4 Ne5 12. Be2 Bg4 13. Bxg4 Nfxg4 14.
h3 Nf6 15. Ke2 Rfd8 16. Rhd1 Kf8 17. Nd3 Nxd3 18. Rxd3 e5 19. Rad1 Ke7 20. Ke3
Nh5 21. Ne2 Ng7 22. Nc1 Ne6 23. Rxd8 Rxd8 24. Rxd8 Nxd8 25. Nd3 Kd6 26. f4 f6
27. Ne1 Ne6 28. Nf3 g5 29. fxe5+ fxe5 30. Nd2 b5 31. c3 h5 32. Nf3 c5 33. b3 b4
34. c4 a6 35. Kd2 h4 36. gxh4 gxh4 37. Nxh4 Ng5 38. Nf5+ 1/2-1/2

[Event "Lliga Catalana DH"]
[Site "?"]
[Date "2015.01.31"]
[Round "2.10"]
[White "Subirachs Mancebo, G."]
[Black "Fernandez Garcia, F."]
[Result "1-0"]
[WhiteElo "2212"]
[BlackElo "2238"]
[PlyCount "37"]
[EventDate "2015.??.??"]
[EventType "team"]

1. Nc3 c5 2. e4 g6 3. g3 Bg7 4. Bg2 Nc6 5. d3 d6 6. Be3 Rb8 7. Qd2 b5 8. Nf3 b4
9. Nd1 a5 10. O-O Nf6 11. Bh6 O-O 12. Bxg7 Kxg7 13. Ne3 e6 14. Nh4 d5 15. exd5
exd5 16. f4 h6 17. Rae1 Qd6 18. h3 Bb7 19. Nhf5+ 1-0

[Event "Lliga Catalana DH"]
[Site "?"]
[Date "2015.01.31"]
[Round "2.1"]
[White "Alsina Leal, D."]
[Black "Alarcon Casellas, R."]
[Result "1-0"]
[WhiteElo "2567"]
[BlackElo "2503"]
[PlyCount "157"]
[EventDate "2015.??.??"]
[EventType "team"]

1. d4 Nf6 2. c4 e6 3. Nc3 Bb4 4. e3 O-O 5. a3 Bxc3+ 6. bxc3 c5 7. Bd3 b6 8. Ne2
Nc6 9. O-O Ba6 10. e4 Ne8 11. f4 f5 12. Ng3 g6 13. dxc5 Qe7 14. Be3 Nf6 15. h3
fxe4 16. Nxe4 Nxe4 17. Bxe4 Bxc4 18. Re1 bxc5 19. Bxc6 dxc6 20. Qa4 Bd3 21.
Rad1 c4 22. Qxc6 Rac8 23. Qa6 Qd7 24. Bd4 Rc6 25. Qb5 Qc7 26. Rd2 a6 27. Qa4
Rxf4 28. Be5 Qb6+ 29. Kh1 Rf5 30. Rb2 Rxe5 31. Rxb6 Rxe1+ 32. Kh2 Rxb6 33. Qe8+
Kg7 34. Qe7+ Kg8 35. Qd8+ Kg7 36. Qxb6 Re2 37. Qc7+ Kf6 38. Qd8+ Kf7 39. Qc7+
Kf6 40. Kg1 h5 41. Qd8+ Kf7 42. g4 hxg4 43. hxg4 e5 44. g5 Ke6 45. Qf6+ Kd5 46.
Qxa6 Re1+ 47. Kf2 Re2+ 48. Kg3 Re3+ 49. Kf2 Re2+ 50. Kf3 e4+ 51. Kf4 Rf2+ 52.
Kg3 Rf3+ 53. Kg2 Rf5 54. Qb5+ Ke6 55. Qc6+ Ke5 56. Qc7+ Kd5 57. Qd7+ Ke5 58.
Qe7+ Kd5 59. a4 Kc6 60. Qd8 Rd5 61. Qf6+ Rd6 62. Qe7 Rd5 63. Kf2 e3+ 64. Kxe3
Bf5 65. Kf4 Bd3 66. Qe6+ Rd6 67. Qc8+ Kd5 68. a5 Bf5 69. Qb7+ Rc6 70. a6 Bc8
71. Qb5+ Rc5 72. Qa4 Rc7 73. a7 Bb7 74. a8=Q Bxa8 75. Qxa8+ Rc6 76. Qa5+ Ke6
77. Qe5+ Kd7 78. Qg7+ Kc8 79. Ke5 1-0

[Event "Lliga Catalana DH"]
[Site "?"]
[Date "2015.01.31"]
[Round "2.2"]
[White "Vidarte Morales, A."]
[Black "Vila Gazquez, X."]
[Result "1-0"]
[WhiteElo "2444"]
[BlackElo "2512"]
[PlyCount "105"]
[EventDate "2015.??.??"]
[EventType "team"]

1. g3 e5 2. c4 Nf6 3. Nc3 Bc5 4. Bg2 d6 5. d3 O-O 6. Nf3 Nc6 7. O-O a6 8. a3 h6
9. b4 Ba7 10. Bb2 Bf5 11. h3 Qd7 12. Kh2 Rae8 13. e3 g5 14. Nd5 Nxd5 15. cxd5
Ne7 16. e4 Bg6 17. d4 f6 18. Qd2 Kh7 19. Rac1 Rc8 20. Ne1 c6 21. dxc6 Nxc6 22.
Nc2 Rc7 23. f4 Rfc8 24. d5 Ne7 25. Ne3 Bxe3 26. Qxe3 Rc2 27. Rxc2 Rxc2 28. Rf2
Rxf2 29. Qxf2 Kg7 30. Qb6 Nc8 31. Qe3 Qc7 32. Bc1 Nb6 33. fxe5 fxe5 34. h4 Nc4
35. Qe2 gxh4 36. gxh4 h5 37. Qf2 a5 38. Qg3 axb4 39. axb4 Qf7 40. Bf3 Kf8 41.
Bg5 Nb2 42. Bg2 Nd1 43. Kg1 Kg7 44. Qe1 Nb2 45. Qc3 Na4 46. Qc8 Nb6 47. Qd8 Nd7
48. Qc7 Nf6 49. Bxf6+ Kxf6 50. Qxd6+ Kg7 51. Qxe5+ Kh7 52. d6 Qd7 53. Kh2 1-0

[Event "Lliga Catalana DH"]
[Site "?"]
[Date "2015.01.31"]
[Round "2.3"]
[White "Pardo Simon, D."]
[Black "Vehi Bach, VM."]
[Result "1-0"]
[WhiteElo "2474"]
[BlackElo "2417"]
[PlyCount "63"]
[EventDate "2015.??.??"]
[EventType "team"]

1. d4 Nf6 2. c4 e6 3. Nc3 Bb4 4. e3 O-O 5. Bd3 d5 6. a3 Bxc3+ 7. bxc3 dxc4 8.
Bxc4 c5 9. Bb2 Qc7 10. Bd3 Nc6 11. Ne2 e5 12. O-O Rd8 13. Qc2 Be6 14. Bb5 Na5
15. dxe5 Qxe5 16. c4 Qe4 17. Qa4 a6 18. Qxa5 axb5 19. Rad1 Rdc8 20. Qd2 Bxc4
21. Bxf6 gxf6 22. Ng3 Qe6 23. Rfe1 Rxa3 24. e4 Rd3 25. Qf4 Kh8 26. Nf5 Rg8 27.
Rxd3 Bxd3 28. Re3 Qa2 29. h3 Bc4 30. Rg3 Qa1+ 31. Kh2 Qe5 32. Qh6 1-0

[Event "Lliga Catalana DH"]
[Site "?"]
[Date "2015.01.31"]
[Round "2.4"]
[White "Fernandez Cazorla, A."]
[Black "Alexandrova, O."]
[Result "1-0"]
[WhiteElo "2322"]
[BlackElo "2438"]
[PlyCount "147"]
[EventDate "2015.??.??"]
[EventType "team"]

1. Nf3 Nf6 2. c4 c5 3. g3 b6 4. Bg2 Bb7 5. O-O g6 6. Nc3 Bg7 7. d4 cxd4 8. Qxd4
d6 9. Be3 Nbd7 10. Rac1 Rc8 11. Rfd1 a6 12. b3 O-O 13. Qh4 Rc7 14. Bh3 Qb8 15.
g4 e6 16. g5 Ne8 17. Nd4 Nc5 18. f4 Ne4 19. Nxe4 Bxe4 20. Qf2 b5 21. cxb5 axb5
22. Bg2 Bxg2 23. Qxg2 Rxc1 24. Rxc1 Qa7 25. Nf5 Qxa2 26. Ne7+ Kh8 27. Rc8 Qxb3
28. Kf2 d5 29. Bc5 Qc4 30. e3 b4 31. Qf1 b3 32. Qxc4 dxc4 33. Nxg6+ hxg6 34.
Bxf8 Bxf8 35. Ke2 b2 36. Rb8 Kh7 37. Rxb2 Nd6 38. Rb6 Ne4 39. Rc6 Bc5 40. Rc7
Kg7 41. Kf3 Nd2+ 42. Ke2 Nb3 43. Rc8 Kh7 44. Rc7 Kg8 45. Rc8+ Kg7 46. Rb8 Nc1+
47. Kd2 Nd3 48. Rc8 Bb4+ 49. Kc2 Nc5 50. Rc7 Kf8 51. h4 Ke8 52. e4 Kf8 53. e5
Ke8 54. Rc8+ Kd7 55. Rf8 Ke7 56. Rc8 c3 57. Rb8 Ba3 58. Kxc3 Bc1 59. Rb4 Kd7
60. Rd4+ Kc7 61. Kb4 Kc6 62. Rd6+ Kc7 63. Rd4 Kc6 64. Rd6+ Kc7 65. Kb5 Nb3 66.
Rc6+ Kd7 67. Rc3 Nd4+ 68. Kc4 Ne2 69. Rc2 Bxf4 70. Rxe2 Bg3 71. Re4 Ke7 72. Kd3
Kf8 73. Ke2 Bh2 74. Kf2 1-0

[Event "Lliga Catalana DH"]
[Site "?"]
[Date "2015.01.31"]
[Round "2.5"]
[White "Aloma Vidal, R."]
[Black "Asensio Liñan, T."]
[Result "1-0"]
[WhiteElo "2482"]
[BlackElo "2254"]
[PlyCount "75"]
[EventDate "2015.??.??"]
[EventType "team"]

1. d4 Nf6 2. c4 c5 3. d5 e5 4. Nc3 d6 5. e4 Nbd7 6. g3 Be7 7. Bg2 O-O 8. Nge2
Ne8 9. O-O g6 10. Bh6 Ng7 11. f4 exf4 12. gxf4 Nf6 13. h3 Kh8 14. e5 Ng8 15.
Bxg7+ Kxg7 16. Ne4 Rb8 17. Qd2 h6 18. b4 f5 19. exd6 Bh4 20. Nxc5 Qxd6 21. Nd4
Re8 22. Rad1 Nf6 23. Nce6+ Bxe6 24. Nxe6+ Kh7 25. c5 Qd7 26. Qc3 Nh5 27. Rd3
Re7 28. c6 bxc6 29. Nc5 Qe8 30. dxc6 Re2 31. Rd7+ Re7 32. Rxe7+ Qxe7 33. Qe5
Rxb4 34. c7 Qf8 35. Ne6 Qg8 36. Rc1 Qc8 37. Nf8+ Qxf8 38. c8=Q 1-0

[Event "Lliga Catalana DH"]
[Site "?"]
[Date "2015.01.31"]
[Round "2.6"]
[White "Oset Teixidor, G."]
[Black "Martin Gonzalez, A."]
[Result "0-1"]
[WhiteElo "2143"]
[BlackElo "2463"]
[PlyCount "56"]
[EventDate "2015.??.??"]
[EventType "team"]

1. b3 e5 2. Bb2 Nc6 3. e3 d5 4. Bb5 Bd6 5. f4 Qh4+ 6. g3 Qe7 7. Nf3 f6 8. O-O
Nh6 9. Nc3 Be6 10. fxe5 fxe5 11. Nh4 O-O-O 12. Bxc6 bxc6 13. Qe2 Bh3 14. Qa6+
Kd7 15. Ng2 Ng4 16. Qa4 Qe6 17. Ba3 Rhf8 18. Bxd6 Qxd6 19. Qa6 Qh6 20. Qe2 Nxh2
21. Rxf8 Rxf8 22. Nh4 Nf1 23. Rxf1 Rxf1+ 24. Kh2 Qe6 25. Nf3 Qf5 26. Nxe5+ Kd6
27. Nd3 Bg4 28. Ne4+ dxe4 0-1

[Event "Lliga Catalana DH"]
[Site "?"]
[Date "2015.01.31"]
[Round "2.7"]
[White "Arias Boo, G."]
[Black "Soler Rionegro, A."]
[Result "1-0"]
[WhiteElo "2389"]
[BlackElo "2057"]
[PlyCount "53"]
[EventDate "2015.??.??"]
[EventType "team"]

1. d4 Nf6 2. c4 c5 3. d5 d6 4. Nc3 g6 5. e4 Bg7 6. f4 Na6 7. Nf3 Nc7 8. Be2 a6
9. a4 O-O 10. O-O Bd7 11. Qe1 b5 12. axb5 axb5 13. Rxa8 Qxa8 14. cxb5 Rb8 15.
f5 Nxb5 16. Nxb5 Bxb5 17. Bxb5 Rxb5 18. fxg6 fxg6 19. e5 dxe5 20. Qxe5 Qxd5 21.
Qxe7 Rb7 22. Qe2 Rf7 23. Ng5 Rf8 24. h3 Re8 25. Qb5 Qe5 26. Rxf6 Bxf6 27. Qc4+
1-0

[Event "Lliga Catalana DH"]
[Site "?"]
[Date "2015.01.31"]
[Round "2.8"]
[White "Gil Gil, A."]
[Black "Mestre Bellido, H."]
[Result "0-1"]
[WhiteElo "1981"]
[BlackElo "2348"]
[PlyCount "40"]
[EventDate "2015.??.??"]
[EventType "team"]

1. e4 e5 2. Nf3 Nc6 3. Bc4 Bc5 4. c3 Nf6 5. d4 exd4 6. cxd4 Bb4+ 7. Nc3 Nxe4 8.
O-O Bxc3 9. bxc3 d5 10. Bd3 O-O 11. c4 Bg4 12. Rb1 Nc3 13. Qc2 Nxb1 14. Bxh7+
Kh8 15. Ng5 Nxd4 16. Qxb1 f6 17. h3 fxg5 18. hxg4 Ne2+ 19. Kh2 Qd6+ 20. g3
Rxf2+ 0-1